| 000 | 00653nam a2200229 u 4500 | ||
|---|---|---|---|
| 005 | 20240809063823.0 | ||
| 008 | 100531s1997 r 000 0 eng d | ||
| 020 | _a9582001852 | ||
| 035 | _aUPN01000176223 | ||
| 049 | _aI | ||
| 050 | 4 |
_aPZ78 _bB3.73 1997 |
|
| 100 | 1 | _aBaquero M., Pedro | |
| 245 | 1 | 3 |
_aEl rey de la salsa / _cPedro Baquero M. |
| 250 | _a2a ed. | ||
| 260 |
_aBogotá : _bMagisterio, _c1997. |
||
| 300 |
_a89 p. : _bil. |
||
| 440 | 0 |
_aMontaña mágica ; _v13. _pPequeños lectores |
|
| 650 | 4 |
_aLibros y lectura para niños _92290 |
|
| 650 | 0 |
_aCuentos infantiles colombianos _94407 |
|
| 650 | 4 |
_aFrutas _99525 |
|
| 905 | _aInfantil | ||
| 999 |
_c148326 _d148326 |
||